| 000 | 00671nam a2200217 i 4500 | ||
|---|---|---|---|
| 001 | bg | ||
| 003 | BPK | ||
| 005 | 20191220100345.0 | ||
| 008 | s1973 pl f |000 0 pol | ||
| 040 | _cBPK | ||
| 041 | _apol | ||
| 080 | _a339.138 | ||
| 100 | 1 |
_aMichalski, Eugeniusz _d(1939- ) _eAutor |
|
| 245 | 0 |
_aMarketing w handlu artykułami gospodarstwa domowego / _cEugeniusz Michalski ; Centrala Handlowa "ARGED"-"ELDOM". |
|
| 260 |
_aWarszawa, _c1973. |
||
| 300 | _a46 s. | ||
| 650 | 4 | _aMarketing | |
| 650 | 4 | _aHandel | |
| 942 |
_cKS _2UKD |
||
| 856 |
_uhttp://koha.tu.koszalin.pl/cgi-bin/koha/opac-detail.pl?biblionumber=19673 _yKatalog online BPK |
||
| 999 |
_c19673 _d19673 |
||